Sports Quiz

Random Sports or Logo Quiz

Big East School Logos Quiz Stats

Quiz not verified by Sporcle

Challenge
Share
Tweet
Photobucket
Score 0/16 Timer 03:00
0 Plays Today
# School % Correct
2Connecticut
96.5%
7Notre Dame
96.5%
6Marquette
94.7%
10Rutgers
94.7%
5Louisville
94.2%
4Georgetown
93%
16West Virginia
93%
14Syracuse
92.4%
# School % Correct
1Cincinnati
91.2%
11St. John's
90.6%
15Villanova
89.5%
8Pittsburgh
87.1%
13South Florida
83%
3DePaul
82.5%
9Providence
78.9%
12Seton Hall
76%

You're not logged in!

Compare scores with friends on all Sporcle quizzes.
Join for Free
OR
Log In

You Might Also Like...

Show Comments

Extras

Top Quizzes Today


Score Distribution

Your Account Isn't Verified!

In order to create a playlist on Sporcle, you need to verify the email address you used during registration. Go to your Sporcle Settings to finish the process.

Report this User

Report this user for behavior that violates our Community Guidelines.

Details: